000 00456nam a2200157 4500
001 120878
003 ES-MaACL
005 20230906191636.0
007 t|
008 070214s1967 sp r ||||1| spa d
100 1 _aPomareda de Haro, Joaquina.
_992902
245 1 3 _aEl duende y las chipas /
_cJoaquina Pomareda de Haro.
260 _aAlbacete :
_b[s.n.],
_c1967 (
_fTip. González)
300 _a132 p. ;
_c17 cm.
852 _aES-MaACL
_jC-34515
_bR.65380
999 _c120878
_d120878